000 00634cam a2200229ua 4500
001 6587
005 20260515114055.0
008 140703n ii |||gr||||Z||||||eng
020 _a978-81-7371-615-7
040 _cMAIN
082 _a658.3
245 _aInternational human resource management
_cBy Chris brewster
250 _a1st ed.
260 _aHyderabad:
_bUniversities press,
_c2008.
300 _axi,307p.
653 _aGeneral management
653 _aInternational human resource management
700 _aBrewster,Chris,
_eAuthor.,
700 _aSparrow,Paul,
_eAuthor.
700 _aVernon,Guy,
_eAuthor.
942 _cBK
999 _c5731
_d5731